Don't sign up to assignments (Record no. 118001)
[ view plain ]
| 000 -LEADER | |
|---|---|
| fixed length control field | 01387cam a2200277 4500 |
| 001 - CONTROL NUMBER | |
| control field | ABS68257 |
| 008 - FIXED-LENGTH DATA ELEMENTS--GENERAL INFORMATION | |
| fixed length control field | 040915n2004 000 0 eng u |
| 035 ## - SYSTEM CONTROL NUMBER | |
| System control number | (Sirsi) u127402 |
| 100 ## - MAIN ENTRY--PERSONAL NAME | |
| Personal name | O'Brien, S. |
| 245 ## - TITLE STATEMENT | |
| Title | Don't sign up to assignments |
| 260 ## - PUBLICATION, DISTRIBUTION, ETC. | |
| Date of publication, distribution, etc. | 2004 |
| 490 ## - SERIES STATEMENT | |
| Series statement | Estates Gazette |
| Volume/sequential designation | (0432) 7 August 2004, 57-58(2) |
| 520 ## - SUMMARY, ETC. | |
| Summary, etc. | A prelet agreement can be an important asset to lenders, since it reduces the risk that once a property is built, it will fail to generate the income to service the loan. But the article argues lenders should be wary of seeking an assignment of the benefit of such agreements. Outlines the dangers this could present and discusses ensuring security, enforcement of covenants, danger of assigning the prelet agreement and personal covenants. Concludes that an assignment of a prelet agreement is risky because it may remove the choices from the lender to step in under its warranty package, or to go into possession as mortgagee and oblige them to build the development. |
| 590 ## - LOCAL NOTE (RLIN) | |
| Local note | ABS |
| 590 ## - LOCAL NOTE (RLIN) | |
| Local note | ABS |
| 650 ## - SUBJECT ADDED ENTRY--TOPICAL TERM | |
| Topical term or geographic name entry element | LANDLORD AND TENANT (COVENANTS) ACT 1995 |
| 650 ## - SUBJECT ADDED ENTRY--TOPICAL TERM | |
| Topical term or geographic name entry element | ENFORCEMENT OF COVENANTS |
| 650 ## - SUBJECT ADDED ENTRY--TOPICAL TERM | |
| Topical term or geographic name entry element | PRELET AGREEMENTS |
| 650 ## - SUBJECT ADDED ENTRY--TOPICAL TERM | |
| Topical term or geographic name entry element | ASSIGNMENT |
| 650 ## - SUBJECT ADDED ENTRY--TOPICAL TERM | |
| Topical term or geographic name entry element | LENDERS |
| 650 ## - SUBJECT ADDED ENTRY--TOPICAL TERM | |
| Topical term or geographic name entry element | COVENANTS |
| 650 ## - SUBJECT ADDED ENTRY--TOPICAL TERM | |
| Topical term or geographic name entry element | PERSONAL COVENANTS |
| 650 ## - SUBJECT ADDED ENTRY--TOPICAL TERM | |
| Topical term or geographic name entry element | SECURITY FOR LOAN |
| 690 ## - LOCAL SUBJECT ADDED ENTRY--TOPICAL TERM (OCLC, RLIN) | |
| Topical term or geographic name as entry element | LANDLORD AND TENANT-LEASES |
| 942 ## - ADDED ENTRY ELEMENTS (KOHA) | |
| Suppress in OPAC | 0 |
| Withdrawn status | Lost status | Source of classification or shelving scheme | Damaged status | Not for loan | Home library | Current library | Shelving location | Date acquired | Total Checkouts | Full call number | Barcode | Date last seen | Copy number | Price effective from | Koha item type |
|---|---|---|---|---|---|---|---|---|---|---|---|---|---|---|---|
| Dewey Decimal Classification | London | London | Journal article | 07/10/2004 | ABS68257 | 127402-1001 | 06/08/2019 | 1 | 06/08/2019 | Journal article |